000 02935cam a2200325 4500500
005 20260329021442.0
041 _afre
042 _adc
100 1 0 _aAhounou, Etobo Innocent
_eauthor
700 1 0 _aAka, Rita Ahou
_eauthor
700 1 0 _aIpou, Stéphane Yves
_eauthor
700 1 0 _aGonce, Dion Aristide
_eauthor
700 1 0 _aDosso, M.
_eauthor
700 1 0 _aYeo-Tenena, Yessonguilan
_eauthor
245 0 0 _aArticle 2. Morbidité du syndrome d’Ekbom en Côte d’Ivoire : A propos de quatre vignettes cliniques au service d’addictologie et d’hygiène mentale d’Abidjan
260 _c2026.
500 _a7
520 _aCONTEXTE Le syndrome d’Ekbom est une affection rare en consultation psychiatrique, de diagnostic souvent difficile. L’objectif de ce travail était d’étudier la psychopathologique de ce syndrome en contexte ivoirien. Méthode : Il s’agissait d’une étude de cas qui a porté sur quatre (04) patients suivis au Service d’Addictologie et d’Hygiène Mentale (SAHM) d’Abidjan en 2023. Résultats 75% des patientsétaient desfemmesavec50% deseptuagénaires. On notait unnomadisme médical dans leur itinéraires thérapeutique avec une consultation tardive en psychiatrie. La clinique chez les enquêtés était faite d’un délire d’infestation, d’hallucination tactiles et cénesthésiques, d’insomnie et d’anxiété. Du fait de son polymorphisme clinique, le syndrome d’Ekbom était confondu à une psychose hallucinatoire chronique. Conclusion La difficulté diagnostique du syndrome d’Ekbom plaide pour un renforcement des capacités des praticiens.
520 _aBACKGROUND Ekbom syndrome is a rare condition in psychiatric consultations, often difficult to diagnose. The aim of this study was to investigate the psychopathology of this syndrome in the Ivorian context. Method: This was a case study of four (04) patients followed at the Abidjan Addictology and Mental Hygiene Service (SAHM) in 2023. RESULTS 75% of patients were women, with 50% in their seventies. There was a medical nomadism in their therapeutic itineraries, with late consultation in psychiatry. Clinical symptoms included delusions of infestation, tactile and cenesthetic hallucinations, insomnia and anxiety. Because of its clinical polymorphism, Ekbom syndrome was confused with chronic hallucinatory psychosis. CONCLUSION The diagnostic difficulty of Ekbom syndrome calls for a strengthening of practitioners' skills.
690 _aAbidjan
690 _aDélire d’infestation parasitaire
690 _aitinéraires thérapeutiques
690 _aSyndrome d’Ekbom
690 _aAbidjan
690 _aEkbom syndrome
690 _aparasitic infestation delirium
690 _atherapeutic itineraries
786 0 _nPsy Cause | 94 | 4 | 2026-02-03 | p. 20-33 | 1245-2394
856 4 1 _uhttps://shs.cairn.info/revue-psy-cause-2025-4-page-20?lang=fr&redirect-ssocas=7080
999 _c1912658
_d1912658